होळकर शाहीतील कोशिक लेख (Record no. 1220294)

MARC details
000 -LEADER
fixed length control field 00606nam a22001937a 4500
003 - CONTROL NUMBER IDENTIFIER
control field
005 - DATE AND TIME OF LATEST TRANSACTION
control field 20260415140820.0
008 - FIXED-LENGTH DATA ELEMENTS--GENERAL INFORMATION
fixed length control field 260415s2025\\\\xx\\\\\\\\\\\\000\0\und\d
040 ## - CATALOGING SOURCE
Transcribing agency
041 ## - LANGUAGE CODE
Language code of text/sound track or separate title MAR
100 ## - MAIN ENTRY--PERSONAL NAME
Personal name डॉ. निलेश केदारी शेळके
245 ## - TITLE STATEMENT
Title होळकर शाहीतील कोशिक लेख
250 ## - EDITION STATEMENT
Edition statement २०२५
260 ## - PUBLICATION, DISTRIBUTION, ETC.
Place of publication, distribution, etc. कोल्हापूर
Name of publisher, distributor, etc. डॉ. व्ही. एन. शिंदे
Date of publication, distribution, etc. २०२५
300 ## - PHYSICAL DESCRIPTION
Extent १-१५८
500 ## - GENERAL NOTE
General note BVYCLCK<br/>
650 ## - SUBJECT ADDED ENTRY--TOPICAL TERM
Topical term or geographic name entry element Other,होळकर
942 ## - ADDED ENTRY ELEMENTS (KOHA)
Source of classification or shelving scheme Dewey Decimal Classification
Koha item type Book
Suppress in OPAC No
Holdings
Withdrawn status Lost status Source of classification or shelving scheme Damaged status Not for loan Home library Current library Shelving location Date acquired Source of acquisition Total Checkouts Barcode Date last seen Price effective from Koha item type
    Dewey Decimal Classification     Yashwantrao Chavan Law College,Karad YLK Yashwantrao Chavan Law College,Karad YLK Donated 15/04/2026 शिवाजी विद्यापीठ कोल्हापूर   YLK-D-483 15/04/2026 15/04/2026 Book